[Event "39th Olympiad Women"]
[Site "Khanty-Mansiysk RUS"]
[Date "2010.09.23"]
[Round "3"]
[White "Tilenbaev, Baktygul"]
[Black "Piarnpuu, Leili"]
[Result "0-1"]
[BlackTitle "WIM"]
[WhiteElo "1944"]
[BlackElo "2111"]
[Board "30.3"]
[WhiteTeam "KGZ"]
[BlackTeam "EST"]
[WhiteFideId "13800639"]
[BlackFideId "4500180"]
[EventDate "2010.09.21"]
[EventType "team"]

1. e4 c5 2. Nc3 Nc6 3. f4 g6 4. Nf3 Bg7 5. Bc4 e6 6. O-O Nge7 7. d3 O-O 8. f5 d5
9. Bb3 dxe4 10. fxg6 exf3 11. gxh7+ Kh8 12. Qxf3 Nd4 13. Qh5 Nef5 14. g3 b6 15.
Ne4 Nxb3 16. axb3 Bb7 17. Rf4 Bd4+ 18. Kf1 Qd5 19. Qe2 Ne7 20. c4 Qc6 21. Ke1 f5
22. Ng5 Ng6 23. Rf1 a5 24. Be3 Bg7 25. h4 Ne5 26. Rd1 Ng4 27. h5 Rae8 28. Bd2
Qg2 29. Qxg2 Bxg2 30. Rg1 Bb7 31. Bc3 Bd4 32. Bxd4+ cxd4 33. Kd2 e5 34. Rde1 Nf6
35. Rgf1 Nxh7 36. Nxh7 Kxh7 37. g4 fxg4 38. Rxf8 Rxf8 39. Rxe5 g3 40. Re1 g2 0-1

[Event "39th Olympiad Women"]
[Site "Khanty-Mansiysk RUS"]
[Date "2010.09.23"]
[Round "3"]
[White "Lang, Heather"]
[Black "Dembo, Yelena"]
[Result "1/2-1/2"]
[BlackTitle "IM"]
[WhiteElo "2025"]
[BlackElo "2452"]
[Board "32.1"]
[WhiteTeam "SCO"]
[BlackTeam "GRE"]
[WhiteFideId "2400979"]
[BlackFideId "723916"]
[EventDate "2010.09.21"]
[EventType "team"]

1. e4 c5 2. Nc3 Nc6 3. g3 g6 4. Bg2 Bg7 5. d3 d6 6. Be3 Nd4 7. Qd2 Qa5 8. f4 e6
9. Nf3 Ne7 10. O-O Nec6 11. e5 d5 12. a3 Nxf3+ 13. Bxf3 O-O 14. b4 cxb4 15. axb4
Qxb4 16. Rfb1 Qe7 17. Qf2 Re8 18. Bc5 Qd7 19. Nb5 f6 20. d4 b6 21. Bd6 Bb7 22.
Nc7 Rec8 23. Nxa8 Bxa8 24. Be2 fxe5 25. fxe5 Na5 26. Ba6 Rd8 27. Rxa5 bxa5 28.
Qd2 a4 29. Qb4 Bc6 30. Rf1 Re8 31. Qc5 Bh6 32. Rf3 Rd8 33. Rc3 Ba8 34. Bb5 Qf7
35. Be7 Bf8 36. Bd6 Bxd6 37. exd6 Rf8 38. Qc8 Qf2+ 39. Kh1 Qe1+ 40. Kg2 Qd2+ 41.
Kh3 Qh6+ 42. Kg2 Qd2+ 1/2-1/2

[Event "39th Olympiad Women"]
[Site "Khanty-Mansiysk RUS"]
[Date "2010.09.23"]
[Round "3"]
[White "Giulian, Rosemary A"]
[Black "Fakhiridou, Ekaterini"]
[Result "0-1"]
[BlackTitle "WIM"]
[WhiteElo "1990"]
[BlackElo "2208"]
[Board "32.3"]
[WhiteTeam "SCO"]
[BlackTeam "GRE"]
[WhiteFideId "2400375"]
[BlackFideId "4202848"]
[EventDate "2010.09.21"]
[EventType "team"]

1. e4 c5 2. c3 d5 3. exd5 Qxd5 4. d4 Nf6 5. Nf3 Bg4 6. Be2 e6 7. O-O Nc6 8. Be3
cxd4 9. cxd4 Bd6 10. Nc3 Qa5 11. Nd2 Qh5 12. h3 Bxe2 13. Nxe2 O-O 14. Nf3 Qb5
15. b3 Nd5 16. Bc1 Rac8 17. Ng5 Ncb4 18. Ne4 Be7 19. Bd2 Rfd8 20. Bxb4 Bxb4 21.
a3 Be7 22. Ra2 a5 23. a4 Qc6 24. Qd2 Nb4 25. N4c3 Nxa2 26. Qxa2 Bb4 27. Rc1 Qb6
28. Nb5 Rxc1+ 29. Nxc1 e5 30. Qe2 exd4 31. Nd3 Qe6 32. Qc2 Rc8 33. Qb2 Bc3 34.
Qc2 b6 35. Qd1 Re8 36. Kf1 Qg6 37. g3 Qe4 38. Kg1 Qe2 39. Qb1 Qf3 40. Nd6 Re2
41. Nc4 Be1 42. Nce5 Bxf2+ 43. Kf1 Rxe5 44. Nxf2 Re2 0-1

[Event "39th Olympiad Women"]
[Site "Khanty-Mansiysk RUS"]
[Date "2010.09.23"]
[Round "3"]
[White "Papadopoulou, Vera"]
[Black "Macgilchrist, Siegrun"]
[Result "1-0"]
[WhiteTitle "WIM"]
[WhiteElo "2241"]
[BlackElo "1784"]
[Board "32.4"]
[WhiteTeam "GRE"]
[BlackTeam "SCO"]
[WhiteFideId "4205472"]
[BlackFideId "2401681"]
[EventDate "2010.09.21"]
[EventType "team"]

1. d4 c6 2. c4 d5 3. e3 Nf6 4. Nc3 Bf5 5. cxd5 Nxd5 6. Nf3 Nxc3 7. bxc3 e6 8.
Bd3 Bxd3 9. Qxd3 Be7 10. O-O O-O 11. Rb1 Qc7 12. c4 Nd7 13. e4 Rfd8 14. Be3 Nf6
15. e5 Ne8 16. Qe4 g6 17. Rfd1 Rd7 18. Bd2 Rad8 19. Bc3 Bc5 20. Qc2 Bf8 21. Qb3
b6 22. a4 Rc8 23. Bb2 Qd8 24. Rd3 Ng7 25. Rbd1 Nf5 26. h3 Qe8 27. Ng5 Be7 28.
Ne4 Rcd8 29. g4 Ng7 30. Ba3 c5 31. d5 exd5 32. cxd5 Bh4 33. Bb2 Be7 34. Nf6+
Bxf6 35. exf6 Rc8 36. Qc2 Qd8 37. fxg7 Qg5 38. Qe2 Rcd8 39. Re3 f6 40. Re8+ Kxg7
41. Rxd8 1-0

[Event "39th Olympiad Women"]
[Site "Khanty-Mansiysk RUS"]
[Date "2010.09.23"]
[Round "3"]
[White "Thorsteinsdottir, Hallgerdur"]
[Black "Pham, Le Thao Nguyen"]
[Result "0-1"]
[BlackTitle "WIM"]
[WhiteElo "1995"]
[BlackElo "2304"]
[Board "33.2"]
[WhiteTeam "ISL"]
[BlackTeam "VIE"]
[WhiteFideId "2302454"]
[BlackFideId "12401226"]
[EventDate "2010.09.21"]
[EventType "team"]

1. e4 c5 2. Nf3 e6 3. g3 Nc6 4. Bg2 Nf6 5. Qe2 d5 6. e5 Nd7 7. O-O Qc7 8. Re1 b6
9. c3 a5 10. d4 Ba6 11. Qd2 Rc8 12. a3 b5 13. Qg5 cxd4 14. cxd4 b4 15. Bd2 Bd3
16. Rc1 Qb7 17. axb4 axb4 18. Qe3 Bb5 19. b3 Be7 20. Qe1 O-O 21. Be3 Ra8 22.
Nbd2 Ra3 23. h4 Rfa8 24. Qd1 R8a6 25. Ne1 Be2 26. Qxe2 Rxa1 27. Rxa1 Rxa1 28.
Kh2 Qa6 29. Nd3 Nf8 30. Bf1 f5 31. Kg2 Bd8 32. Qh5 Rxf1 33. Kxf1 Qxd3+ 34. Kg2
g6 0-1

[Event "39th Olympiad Women"]
[Site "Khanty-Mansiysk RUS"]
[Date "2010.09.23"]
[Round "3"]
[White "Johannsdottir, Johanna Bjorg"]
[Black "Hoang, Thi Nhu Y"]
[Result "1/2-1/2"]
[BlackTitle "WIM"]
[WhiteElo "1781"]
[BlackElo "2214"]
[Board "33.4"]
[WhiteTeam "ISL"]
[BlackTeam "VIE"]
[WhiteFideId "2303108"]
[BlackFideId "12401455"]
[EventDate "2010.09.21"]
[EventType "team"]

1. e4 c6 2. d4 d5 3. Nd2 g6 4. e5 Nh6 5. c3 Bg7 6. f4 Bg4 7. Ndf3 Qb6 8. h3 Bd7
9. g4 c5 10. Ne2 e6 11. Qc2 Nc6 12. Be3 cxd4 13. Nexd4 Nxd4 14. Nxd4 Qa5 15. Bd3
a6 16. Qd2 Qc7 17. O-O-O Ng8 18. h4 Ne7 19. h5 O-O-O 20. Nb3 Kb8 21. Bc5 Nc8 22.
Bd4 Ba4 23. Qe3 Rde8 24. Rdg1 Bb5 25. Bc2 Ne7 26. Bc5 Nc8 27. Bd4 Ne7 28. Bb6
Qc4 29. Nc5 d4 30. Qxd4 Qxd4 31. cxd4 Nc8 32. Na4 Bxa4 33. Bxa4 Nxb6 34. Bxe8
Rxe8 35. hxg6 hxg6 36. Rh7 Rg8 37. Kd2 Nd5 38. Rf1 Ne7 39. Rg1 Nd5 40. Rf1 Ne7
41. Ke2 Kc7 42. Kf3 Kc6 43. Rc1+ Kb6 44. Rg1 Kc6 45. Rc1+ Kb6 46. Rc5 Nc6 47.
Rc4 f6 48. Ke4 fxe5 49. dxe5 g5 50. fxg5 Bxe5 51. Rxc6+ Kxc6 52. Kxe5 Rxg5+ 53.
Kf4 Rg8 54. g5 b6 55. Rh6 Kd5 56. Kg4 b5 57. g6 e5 58. Kg5 e4 59. Rh7 e3 60. Kf6
Re8 61. g7 e2 62. Rh1 Kd4 63. Kf7 Rc8 64. g8=Q Rxg8 65. Kxg8 Kd3 66. Kf7 Kd2 67.
Ke6 e1=Q+ 68. Rxe1 Kxe1 69. Kd5 Kd2 70. Kc5 Kc2 71. a4 bxa4 72. Kb4 Kxb2 73.
Kxa4 1/2-1/2

[Event "39th Olympiad Women"]
[Site "Khanty-Mansiysk RUS"]
[Date "2010.09.23"]
[Round "3"]
[White "Cordero, Daniela"]
[Black "Tjolsen, Katrine"]
[Result "1-0"]
[WhiteTitle "WIM"]
[BlackTitle "WIM"]
[WhiteElo "2055"]
[BlackElo "2259"]
[Board "34.1"]
[WhiteTeam "BOL"]
[BlackTeam "NOR"]
[WhiteFideId "3301630"]
[BlackFideId "1505793"]
[EventDate "2010.09.21"]
[EventType "team"]

1. d4 Nf6 2. Nf3 g6 3. c4 Bg7 4. g3 O-O 5. Bg2 d6 6. O-O Nc6 7. Nc3 a6 8. Re1
Rb8 9. a4 e5 10. e4 Bg4 11. Be3 exd4 12. Bxd4 Nxd4 13. Qxd4 Nd7 14. Qe3 a5 15.
h3 Be6 16. Nd2 Ne5 17. b3 Nc6 18. Rac1 Bd4 19. Qe2 Re8 20. Nb5 Bb6 21. Kh2 h5
22. f4 h4 23. g4 Qf6 24. Qf3 Qb2 25. Red1 Bd7 26. c5 Bxc5 27. Rxc5 dxc5 28. Nc4
Qf6 29. Rxd7 Re7 30. e5 Qe6 31. Rxc7 Rbe8 32. f5 gxf5 33. gxf5 Qh6 34. Rxe7 Rxe7
35. Qg4+ Kf8 36. f6 Re8 37. Nbd6 Re6 38. Nxb7 Nxe5 39. Nxe5 Rxe5 40. Qc8+ Re8
41. Qxc5+ Kg8 42. Qd4 Kf8 43. Nxa5 Qg5 44. Qd6+ Kg8 45. Nc4 Re6 46. Qd8+ Kh7 47.
Qd3+ Kh8 48. Qf3 Rxf6 49. Qg4 Qc5 50. Qxh4+ Kg7 51. Qg3+ Kh7 52. Ne5 Qd4 53.
Qd3+ Qxd3 54. Nxd3 1-0

[Event "39th Olympiad Women"]
[Site "Khanty-Mansiysk RUS"]
[Date "2010.09.23"]
[Round "3"]
[White "Bjerke, Silje"]
[Black "Ramirez M., Eugenia"]
[Result "1/2-1/2"]
[WhiteTitle "WIM"]
[WhiteElo "2205"]
[BlackElo "2031"]
[Board "34.2"]
[WhiteTeam "NOR"]
[BlackTeam "BOL"]
[WhiteFideId "1502786"]
[BlackFideId "3301680"]
[EventDate "2010.09.21"]
[EventType "team"]

1. e4 e5 2. Nf3 Nc6 3. Bc4 Nf6 4. d3 d5 5. exd5 Nxd5 6. O-O Be7 7. h3 Be6 8. Re1
Qd6 9. Nbd2 h6 10. Bb5 f6 11. d4 exd4 12. Nxd4 Bd7 13. Bxc6 bxc6 14. Qh5+ Kf8
15. Nf5 Qf4 16. Nxe7 Nxe7 17. Nb3 Qc4 18. Be3 Nd5 19. Bc5+ Kg8 20. Rad1 Kh7 21.
Be3 Qxc2 22. Bxh6 Qg6 23. Qxg6+ Kxg6 24. Bc1 Rhe8 25. Nc5 Bf5 26. Bd2 Kf7 27.
Kh2 Rab8 28. b3 Rxe1 29. Rxe1 Rb5 30. Na4 Nb6 31. Nc3 Ra5 32. a4 Rc5 33. Rc1 1/2-1/2

[Event "39th Olympiad Women"]
[Site "Khanty-Mansiysk RUS"]
[Date "2010.09.23"]
[Round "3"]
[White "Luna, Raisa"]
[Black "Sahl, Sheila Barth"]
[Result "0-1"]
[WhiteTitle "WFM"]
[BlackTitle "WIM"]
[WhiteElo "2030"]
[BlackElo "2175"]
[Board "34.3"]
[WhiteTeam "BOL"]
[BlackTeam "NOR"]
[WhiteFideId "3301508"]
[BlackFideId "1500953"]
[EventDate "2010.09.21"]
[EventType "team"]

1. d4 e6 2. c4 f5 3. g3 Nf6 4. Bg2 Be7 5. Nf3 O-O 6. O-O d6 7. b3 Qe8 8. Bb2 Qh5
9. Re1 Nbd7 10. Nc3 Ne4 11. e3 Ndf6 12. Nd2 Qg6 13. Qc2 Nxc3 14. Bxc3 c6 15.
Rac1 Qh6 16. e4 f4 17. Nf3 fxg3 18. hxg3 Ng4 19. Kf1 e5 20. Ke2 Bg5 21. Rh1 Qf6
22. Rcf1 Bh6 23. Ke1 exd4 24. Nxd4 Qe7 25. Ne2 a5 26. Qd3 a4 27. b4 a3 28. f4
Be6 29. Nd4 Rae8 30. Bf3 Bc8 31. Kd1 Nf6 32. Re1 Qf7 33. Rhf1 g6 34. e5 Nh5 35.
Bg2 Bg4+ 36. Ne2 dxe5 37. fxe5 Rd8 38. Rxf7 Rxd3+ 39. Kc2 Rxc3+ 40. Kxc3 Rxf7
41. b5 Rf2 42. bxc6 bxc6 0-1

[Event "39th Olympiad Women"]
[Site "Khanty-Mansiysk RUS"]
[Date "2010.09.23"]
[Round "3"]
[White "Khachatourian, Yerazik"]
[Black "Blanco, Norma"]
[Result "1/2-1/2"]
[WhiteElo "2025"]
[BlackElo "1776"]
[Board "34.4"]
[WhiteTeam "NOR"]
[BlackTeam "BOL"]
[WhiteFideId "12501948"]
[BlackFideId "3302253"]
[EventDate "2010.09.21"]
[EventType "team"]

1. e4 e5 2. Bc4 Nf6 3. d3 Bc5 4. Nf3 d6 5. Nbd2 h6 6. c3 Nc6 7. O-O O-O 8. Bb3
Be6 9. Re1 Ng4 10. Re2 Bxb3 11. Qxb3 Bb6 12. h3 Nf6 13. Nc4 Kh7 14. a4 Rb8 15.
Qc2 a6 16. Nxb6 cxb6 17. d4 Kh8 18. d5 Ne7 19. c4 Rc8 20. b4 Nd7 21. Ra3 f5 22.
Nd2 fxe4 23. Qxe4 Rf4 24. Qb1 Qf8 25. Ne4 Rxc4 26. Bxf4 Qxf4 27. Rc3 Rxc3 28.
Nxc3 Nf6 29. Qc2 Qxb4 30. Ne4 Nfxd5 31. Rd2 Qa3 32. Rxd5 Ng8 1/2-1/2

[Event "39th Olympiad Women"]
[Site "Khanty-Mansiysk RUS"]
[Date "2010.09.23"]
[Round "3"]
[White "Heinatz, Gundula"]
[Black "Elgohary, Myada"]
[Result "1-0"]
[WhiteTitle "WIM"]
[WhiteElo "2228"]
[BlackElo "1751"]
[Board "35.1"]
[WhiteTeam "SUI"]
[BlackTeam "EGY"]
[WhiteFideId "4612434"]
[BlackFideId "10605355"]
[EventDate "2010.09.21"]
[EventType "team"]

1. e4 d5 2. exd5 Nf6 3. Nf3 Nxd5 4. d4 Bf5 5. a3 e6 6. c4 Nb6 7. Nc3 c5 8. Be3
N8d7 9. Be2 Be7 10. O-O O-O 11. Qd2 Rc8 12. d5 Nf6 13. Rad1 exd5 14. cxd5 Bd6
15. Bg5 a6 16. Nh4 Bg6 17. Nxg6 fxg6 18. g3 h6 19. Be3 Qd7 20. Qc2 g5 21. Qg6
Qf7 22. Bd3 Qxg6 23. Bxg6 Ng4 24. Ne4 Nxe3 25. fxe3 Be5 26. Bf5 Rcd8 27. Nxc5
Rf6 28. Be6+ Kf8 29. Nxb7 Rb8 30. Nc5 Bxb2 31. Rxf6+ gxf6 32. Rb1 Bxa3 33. Rxb6
Rxb6 34. Nd7+ Ke7 35. Nxb6 Bc5 36. Nc4 a5 37. Nxa5 Bxe3+ 38. Kg2 Bb6 39. Nc4 Bc5
40. Bf5 Bb4 41. Kf3 h5 42. h3 Bc5 43. g4 h4 44. Ke4 Bb4 45. Be6 Bc5 46. Kf5 Bd4
47. d6+ Kd8 48. Na5 Bb6 49. Nc6+ Ke8 50. d7+ Kf8 51. d8=Q+ Bxd8 52. Nxd8 Kg7 53.
Bd5 Kh7 54. Kxf6 Kh6 55. Nf7+ Kh7 56. Be4+ Kg8 57. Nxg5 Kh8 58. Nf7+ Kg8 59. g5 1-0

[Event "39th Olympiad Women"]
[Site "Khanty-Mansiysk RUS"]
[Date "2010.09.23"]
[Round "3"]
[White "Elansary, Eman"]
[Black "Seps, Monika"]
[Result "0-1"]
[BlackTitle "WIM"]
[WhiteElo "1836"]
[BlackElo "2184"]
[Board "35.2"]
[WhiteTeam "EGY"]
[BlackTeam "SUI"]
[WhiteFideId "10606700"]
[BlackFideId "1308521"]
[EventDate "2010.09.21"]
[EventType "team"]

1. e4 c5 2. Nc3 d6 3. g3 Nc6 4. Bg2 g6 5. Nge2 Bg7 6. d3 e6 7. Be3 Nd4 8. f4 Ne7
9. Qd2 Rb8 10. Nc1 O-O 11. Nd1 b6 12. c3 Ndc6 13. O-O d5 14. Rb1 d4 15. Bf2 e5
16. c4 Be6 17. Be1 Qd7 18. Nf2 f5 19. Ne2 b5 20. Rc1 bxc4 21. dxc4 exf4 22. Nxf4
Ne5 23. Nd5 Bxd5 24. exd5 Nc8 25. b3 Nd6 26. Qe2 Rbe8 27. Qc2 Bh6 28. Bd2 Be3
29. Bxe3 dxe3 30. Nd3 Nxd3 31. Qxd3 Qg7 32. Rfe1 Qh6 33. b4 f4 34. gxf4 Rxf4 35.
bxc5 Rf2 36. Re2 Qg5 37. Rxf2 exf2+ 38. Kxf2 Qxc1 39. cxd6 Qf4+ 40. Kg1 Re1+ 41.
Bf1 Qxd6 42. Qd4 Rc1 43. Qxa7 Qf4 44. Qa8+ Kg7 45. Qa7+ Kh6 46. Qf2 Qg4+ 47. Kh1
Qxc4 48. Qf8+ Kh5 49. Qf3+ Qg4 50. Qg2 Qxg2+ 51. Kxg2 Kg4 52. Bd3 Rc5 53. d6 Rd5
54. Bc4 Rxd6 55. Kf2 Kh3 56. Ke3 Kxh2 57. a4 g5 58. a5 Rd1 59. Be2 Ra1 60. a6 g4
61. Bxg4 Rxa6 62. Kf4 h6 63. Bd1 Kh3 64. Bg4+ Kh4 65. Bd1 Rf6+ 66. Ke3 Kg3 67.
Bh5 Re6+ 68. Kd3 Re5 69. Bg6 h5 70. Kd4 0-1

[Event "39th Olympiad Women"]
[Site "Khanty-Mansiysk RUS"]
[Date "2010.09.23"]
[Round "3"]
[White "Lematschko, Tatjana"]
[Black "Mona, Khaled"]
[Result "1-0"]
[WhiteTitle "WGM"]
[BlackTitle "WGM"]
[WhiteElo "2194"]
[BlackElo "2103"]
[Board "35.3"]
[WhiteTeam "SUI"]
[BlackTeam "EGY"]
[WhiteFideId "1300237"]
[BlackFideId "10605908"]
[EventDate "2010.09.21"]
[EventType "team"]

1. d4 Nf6 2. Nf3 g6 3. c4 Bg7 4. Nc3 O-O 5. e4 d6 6. h3 Nbd7 7. Be3 e5 8. dxe5
dxe5 9. g4 c6 10. Qc2 Qc7 11. O-O-O Re8 12. Be2 Nf8 13. Bc5 N6d7 14. Bd6 Qb6 15.
Na4 Qxf2 16. Qd2 Ne6 17. Rdf1 Qg3 18. Kb1 Qf4 19. Qd3 Qh6 20. Bd1 Ng5 21. h4
Nxf3 22. Qxf3 Qf4 23. Qd3 Nf6 24. Rxf4 exf4 25. Nc3 Nxg4 26. Bxg4 Bxg4 27. Bxf4
Rad8 28. Qg3 h5 29. Re1 Rd4 30. e5 Bf5+ 31. Ka1 Red8 32. Bg5 Rd3 33. Qf2 R8d4
34. a3 a5 35. Bf6 Rd2 36. Re2 Rd1+ 37. Nxd1 Rxd1+ 38. Ka2 Bb1+ 39. Kb3 b5 40.
Rd2 Rh1 41. Qe3 Bf8 42. Rd8 Rh2 43. cxb5 cxb5 44. Rxf8+ 1-0

[Event "39th Olympiad Women"]
[Site "Khanty-Mansiysk RUS"]
[Date "2010.09.23"]
[Round "3"]
[White "Basta-Sohair, F."]
[Black "Wilson, Alexandra"]
[Result "1-0"]
[WhiteTitle "WIM"]
[BlackTitle "WFM"]
[WhiteElo "2030"]
[BlackElo "2047"]
[Board "35.4"]
[WhiteTeam "EGY"]
[BlackTeam "SUI"]
[WhiteFideId "10600175"]
[BlackFideId "411000"]
[EventDate "2010.09.21"]
[EventType "team"]

1. d4 e6 2. Nf3 f5 3. g3 Nf6 4. Bg2 Be7 5. O-O O-O 6. c4 d6 7. Nc3 a5 8. Qc2 Qe8
9. e4 fxe4 10. Nxe4 Qh5 11. Nxf6+ Bxf6 12. Be3 Nc6 13. Rad1 e5 14. dxe5 Nxe5 15.
Nxe5 Bxe5 16. f4 Bf6 17. Bd5+ Kh8 18. Bf3 Qf7 19. Rfe1 a4 20. b3 axb3 21. axb3
Ra5 22. b4 Ra3 23. Bd5 Qh5 24. Bf2 Bf5 25. Be4 Rc3 26. Qb1 Bg4 27. Rd5 Qh6 28.
c5 Be6 29. Rd3 Rxd3 30. Qxd3 dxc5 31. Bxc5 Rd8 32. Qc2 b6 33. Be3 Bg4 34. Qxc7
Qh5 35. Qxb6 Bf3 36. Qc6 Bxe4 37. Qxe4 h6 38. Bc5 Bc3 39. Re2 Rd1+ 40. Kg2 Rd8
41. Qe6 g5 42. g4 1-0

[Event "39th Olympiad Women"]
[Site "Khanty-Mansiysk RUS"]
[Date "2010.09.23"]
[Round "3"]
[White "Chen, I-Chen"]
[Black "Jennitha, Anto K."]
[Result "0-1"]
[WhiteElo "1699"]
[BlackElo "1966"]
[Board "36.1"]
[WhiteTeam "TPE"]
[BlackTeam "IPCA"]
[WhiteFideId "16300181"]
[BlackFideId "5018218"]
[EventDate "2010.09.21"]
[EventType "team"]

1. e4 c5 2. Nf3 d6 3. d4 cxd4 4. Nxd4 Nf6 5. Nc3 a6 6. Be2 e5 7. Nb3 Be7 8. O-O
b5 9. Be3 Bb7 10. Qd3 O-O 11. Bf3 Nbd7 12. Rfd1 Qc7 13. Nd5 Nxd5 14. exd5 f5 15.
Be2 e4 16. Qd2 Nf6 17. Nd4 Qc8 18. Ne6 Re8 19. Bb6 Nxd5 20. Qd4 Qxe6 21. c4 Nxb6
22. Qxb6 Reb8 23. Qc7 Bc8 24. Rac1 Qd7 25. Qa5 Bb7 26. c5 d5 27. Rc2 Bc6 28. Qc3
Bf6 29. Qb3 Qf7 30. f3 d4 31. Qxf7+ Kxf7 32. fxe4 fxe4 33. Bg4 g6 34. Rf1 Kg7
35. Rcf2 Rf8 36. Bd1 d3 37. Kh1 Bd4 38. Rxf8 Rxf8 39. Rxf8 Kxf8 0-1

[Event "39th Olympiad Women"]
[Site "Khanty-Mansiysk RUS"]
[Date "2010.09.23"]
[Round "3"]
[White "Zykina, Nadezhda"]
[Black "Lin, Yu-Tong Elaine"]
[Result "1-0"]
[WhiteTitle "WFM"]
[WhiteElo "2103"]
[BlackElo "1464"]
[Board "36.2"]
[WhiteTeam "IPCA"]
[BlackTeam "TPE"]
[WhiteFideId "24150789"]
[BlackFideId "16300149"]
[EventDate "2010.09.21"]
[EventType "team"]

1. e4 e5 2. Nc3 Bc5 3. Nf3 Nc6 4. Bb5 Nge7 5. Nxe5 Nxe5 6. d4 Bd6 7. dxe5 Bxe5
8. f4 Bxc3+ 9. bxc3 O-O 10. O-O c6 11. Bd3 d5 12. e5 Bf5 13. Ba3 Qb6+ 14. Kh1 c5
15. Qh5 Bxd3 16. cxd3 Qa5 17. Bb2 Qb5 18. Qe2 Rfe8 19. a4 Qd7 20. Qf2 b6 21. f5
Rac8 22. d4 cxd4 23. cxd4 Rc4 24. a5 Rec8 25. Ba3 Rc2 26. Qf4 b5 27. Rae1 Nc6
28. e6 Qe8 29. f6 b4 30. Qg5 g6 31. e7 Kh8 32. Qh6 Qg8 33. e8=Q Rxe8 34. Rxe8
Qxe8 35. Qg7# 1-0

[Event "39th Olympiad Women"]
[Site "Khanty-Mansiysk RUS"]
[Date "2010.09.23"]
[Round "3"]
[White "Ibrahim, Delbak Ismael"]
[Black "Vojinovic, Jovana"]
[Result "0-1"]
[WhiteTitle "WIM"]
[BlackTitle "WGM"]
[WhiteElo "1954"]
[BlackElo "2319"]
[Board "37.1"]
[WhiteTeam "IRQ"]
[BlackTeam "MNE"]
[WhiteFideId "4803116"]
[BlackFideId "937266"]
[EventDate "2010.09.21"]
[EventType "team"]

1. e4 e6 2. d3 d5 3. Nd2 Nc6 4. Ngf3 Nf6 5. g3 a5 6. Bg2 a4 7. O-O dxe4 8. dxe4
Bc5 9. c3 e5 10. Qc2 Be6 11. Ng5 Bg4 12. Nc4 O-O 13. Ne3 Ne7 14. Nxg4 Nxg4 15.
h3 Nf6 16. Nf3 Ng6 17. Re1 Qe7 18. Be3 Nd7 19. Nd2 Bxe3 20. Rxe3 Nc5 21. Ree1
Rfd8 22. Bf1 Rd7 23. Rad1 Rad8 24. Nc4 Rxd1 25. Rxd1 Rxd1 26. Qxd1 Nxe4 27. Qxa4
Qc5 28. Ne3 Nd6 29. Bd3 Nf8 30. Qc2 g6 31. b4 Qc6 32. c4 e4 33. Bf1 Ne8 34. c5
Nf6 35. Bc4 N8d7 36. Qb3 Ne5 37. Bd5 Qd7 38. Kg2 c6 39. Bc4 Qd4 40. a3 h5 41. h4
Kg7 42. Be2 Nd3 43. Qc4 Ne1+ 44. Kh2 Qd2 45. a4 Nd3 46. Qc2 Qxb4 47. Bxd3 exd3
48. Qxd3 Qxc5 49. Kg2 Qb4 50. Qc2 Qe4+ 51. Qxe4 Nxe4 52. Kf3 f5 53. Nc4 Kf6 54.
Kg2 Ke6 55. f3 Nc5 56. Nb2 Ke5 57. Nc4+ Kd5 58. Nb6+ Kd4 59. g4 Ne6 60. Nc8 fxg4
61. fxg4 c5 62. Nd6 b6 63. gxh5 gxh5 64. Nf5+ Kd3 65. Ng3 c4 66. Kf2 c3 67. Ne2
Nc5 0-1

[Event "39th Olympiad Women"]
[Site "Khanty-Mansiysk RUS"]
[Date "2010.09.23"]
[Round "3"]
[White "Milovic, Aleksandra"]
[Black "Mohammed Qane,Jannar Worya"]
[Result "1-0"]
[WhiteTitle "WFM"]
[BlackTitle "WFM"]
[WhiteElo "2182"]
[BlackElo "1906"]
[Board "37.2"]
[WhiteTeam "MNE"]
[BlackTeam "IRQ"]
[WhiteFideId "933988"]
[BlackFideId "4802144"]
[EventDate "2010.09.21"]
[EventType "team"]

1. e4 e5 2. Nf3 Nc6 3. Bc4 Bc5 4. O-O Nf6 5. d4 exd4 6. e5 d5 7. exf6 dxc4 8.
fxg7 Rg8 9. Re1+ Be6 10. Bg5 Qd5 11. Nc3 Qf5 12. Ne4 Be7 13. Bxe7 Kxe7 14. Nxd4
Nxd4 15. Qxd4 Rad8 16. Qc3 a5 17. Ng3 Qc5 18. Re5 Rd5 19. Nf5+ Kd7 20. Rxd5+
Bxd5 21. Nh6 f5 22. Nxg8 Bxg8 23. Rd1+ Ke6 24. Rd8 Kf7 25. Rf8+ 1-0

[Event "39th Olympiad Women"]
[Site "Khanty-Mansiysk RUS"]
[Date "2010.09.23"]
[Round "3"]
[White "Kareen, Jalaluldeen"]
[Black "Stojanovic, Marija R"]
[Result "0-1"]
[WhiteTitle "WCM"]
[BlackTitle "WFM"]
[WhiteElo "1790"]
[BlackElo "2112"]
[Board "37.3"]
[WhiteTeam "IRQ"]
[BlackTeam "MNE"]
[WhiteFideId "4801776"]
[BlackFideId "931411"]
[EventDate "2010.09.21"]
[EventType "team"]

1. d4 Nf6 2. c4 e6 3. Nc3 Bb4 4. Qc2 O-O 5. Bg5 d5 6. a3 Bxc3+ 7. Qxc3 c6 8. Nf3
Nbd7 9. e3 Ne4 10. Bxd8 Nxc3 11. Bc7 Ne4 12. Ne5 f6 13. Nxd7 Bxd7 14. Bd3 Rac8
15. Ba5 b6 16. Bb4 c5 17. Bxe4 dxe4 18. dxc5 bxc5 19. Ba5 Ba4 20. Rc1 Rf7 21. f3
Rb7 22. b4 Rd7 23. fxe4 Rd3 24. Ke2 Rxa3 25. Ra1 cxb4 26. Bxb4 Rxa1 27. Rxa1
Rxc4 28. Bd6 Bb5 29. Kf3 Bc6 30. Ra2 Bxe4+ 31. Kf2 a5 32. g3 a4 33. h4 Kf7 34.
Ke2 Kg6 35. Bf8 Rc8 36. Rxa4 Bc2 37. Ra2 Bb3 38. Ra3 Bc4+ 0-1

[Event "39th Olympiad Women"]
[Site "Khanty-Mansiysk RUS"]
[Date "2010.09.23"]
[Round "3"]
[White "Blagojevic, Lidija"]
[Black "Ismael, Maha"]
[Result "1/2-1/2"]
[WhiteTitle "WFM"]
[WhiteElo "2013"]
[BlackElo "1861"]
[Board "37.4"]
[WhiteTeam "MNE"]
[BlackTeam "IRQ"]
[WhiteFideId "916773"]
[BlackFideId "4803132"]
[EventDate "2010.09.21"]
[EventType "team"]

1. e4 c5 2. Nc3 e6 3. f4 d6 4. Nf3 Nf6 5. Bd3 Nc6 6. a3 Be7 7. O-O a6 8. Qe1 O-O
9. Nd1 b5 10. c3 Bb7 11. Bc2 c4 12. d4 cxd3 13. Bxd3 Na5 14. Bc2 Qc7 15. Nd4 Nc6
16. Nf3 Rfe8 17. h3 Rad8 18. Nf2 e5 19. fxe5 dxe5 20. g4 Bc5 21. Kh2 Nd7 22. Bb3
Na5 23. Bc2 Nc4 24. Nh1 Nf6 25. Ng3 Bc8 26. Nh4 Qb6 27. Rf3 Be6 28. b3 Nxg4+ 29.
hxg4 Bxg4 30. bxc4 Bxf3 31. Nxf3 Bf2 32. Qe2 bxc4 33. Kg2 Bxg3 34. Kxg3 Rd6 35.
Nh4 Qg1+ 36. Kh3 Qh1+ 37. Qh2 Qf1+ 38. Qg2 Qe1 39. Qg3 Qh1+ 40. Qh2 Qf1+ 41. Qg2
Qe1 1/2-1/2